Spion djelita dari Bandung selatan : (Record no. 70878)
[ view plain ]
| 000 -LEADER | |
|---|---|
| fixed length control field | 00594cam a22002171a 4500 |
| 001 - CONTROL NUMBER | |
| control field | sa 66007019 |
| 003 - CONTROL NUMBER IDENTIFIER | |
| control field | DLC |
| 005 - DATE AND TIME OF LATEST TRANSACTION | |
| control field | 20260227112301.0 |
| 008 - FIXED-LENGTH DATA ELEMENTS--GENERAL INFORMATION | |
| fixed length control field | 950414q19601969io 000 1 ind |
| 010 ## - LIBRARY OF CONGRESS CONTROL NUMBER | |
| LC control number | sa 66007019 |
| 025 ## - OVERSEAS ACQUISITION NUMBER | |
| Overseas acquisition number | PL480:Indo-2663 |
| 035 ## - SYSTEM CONTROL NUMBER | |
| System control number | (OCoLC)32306062 |
| 040 ## - CATALOGING SOURCE | |
| Original cataloging agency | DLC |
| Transcribing agency | WU |
| Modifying agency | DLC |
| 042 ## - AUTHENTICATION CODE | |
| Authentication code | premarc |
| 050 00 - LIBRARY OF CONGRESS CALL NUMBER | |
| Classification number | PL5089.S83 |
| Item number | S6 |
| 100 0# - MAIN ENTRY--PERSONAL NAME | |
| Personal name | Sutojo M. D. |
| 245 10 - TITLE STATEMENT | |
| Title | Spion djelita dari Bandung selatan : |
| Remainder of title | roman revolusi / |
| Statement of responsibility, etc. | [oleh] Sutojo M.D. |
| 260 ## - PUBLICATION, DISTRIBUTION, ETC. | |
| Place of publication, distribution, etc. | Tasikmalaja : |
| Name of publisher, distributor, etc. | Swandjaja, |
| Date of publication, distribution, etc. | [196-?] |
| 300 ## - PHYSICAL DESCRIPTION | |
| Extent | 90 p. ; |
| Dimensions | 14 cm. |
| 440 #0 - SERIES STATEMENT/ADDED ENTRY--TITLE | |
| Title | Buku saku ABC ; |
| Volume/sequential designation | 64 |
No items available.